<?xml version="1.0" encoding="UTF-8"?>
<record
    xmlns:xsi="http://www.w3.org/2001/XMLSchema-instance"
    xsi:schemaLocation="http://www.loc.gov/MARC21/slim http://www.loc.gov/standards/marcxml/schema/MARC21slim.xsd"
    xmlns="http://www.loc.gov/MARC21/slim">

  <leader>01013    a2200169   4500</leader>
  <controlfield tag="003">NUST</controlfield>
  <controlfield tag="005">20230201113508.0</controlfield>
  <datafield tag="040" ind1=" " ind2=" ">
    <subfield code="c">Nust</subfield>
  </datafield>
  <datafield tag="082" ind1=" " ind2=" ">
    <subfield code="a">942.2,TRE</subfield>
  </datafield>
  <datafield tag="100" ind1=" " ind2=" ">
    <subfield code="a">Trevelyan, George Macaulay</subfield>
    <subfield code="9">46482</subfield>
  </datafield>
  <datafield tag="245" ind1=" " ind2=" ">
    <subfield code="a"> a survey of six centuries, Chaucer to Queen Victoria /</subfield>
    <subfield code="c">G.M. Trevelyan ...</subfield>
  </datafield>
  <datafield tag="260" ind1=" " ind2=" ">
    <subfield code="a">London, New York</subfield>
    <subfield code="b">[etc.] Longmans, Green and Co.,</subfield>
    <subfield code="c"> 1942.</subfield>
  </datafield>
  <datafield tag="300" ind1=" " ind2=" ">
    <subfield code="a">xii, 628 p. illus.</subfield>
    <subfield code="b"> (incl. maps) diagr. 21 cm.</subfield>
  </datafield>
  <datafield tag="505" ind1=" " ind2=" ">
    <subfield code="a">Chaucer England (Page-1), England In The Age Of Caxton (Page-56), Tudor England (Page-92), England During The Anti Clecrical Revolution (Page-99), Shakepear&#x2019;s England (Page-139), The England Of Charles And Cromwell (Page-206), Restoration England (Page-252), Defoe&#x2019;s England (Page-293), Dr Johnson&#x2019;s England (Page-339), Scotland In 18th Century (Page-416), Cobbett&#x2019;s England (Page-463), Between The Two Reform Bills (Page-509), The Second Half Of The Victorian Era (Page-551). </subfield>
  </datafield>
  <datafield tag="650" ind1=" " ind2=" ">
    <subfield code="a">English social history;</subfield>
    <subfield code="9">108341</subfield>
  </datafield>
  <datafield tag="942" ind1=" " ind2=" ">
    <subfield code="2">ddc</subfield>
    <subfield code="c">BK</subfield>
    <subfield code="k">942,TRE</subfield>
  </datafield>
  <datafield tag="999" ind1=" " ind2=" ">
    <subfield code="c">187236</subfield>
    <subfield code="d">187236</subfield>
  </datafield>
  <datafield tag="952" ind1=" " ind2=" ">
    <subfield code="0">0</subfield>
    <subfield code="1">0</subfield>
    <subfield code="2">ddc</subfield>
    <subfield code="4">0</subfield>
    <subfield code="7">0</subfield>
    <subfield code="a">MCS</subfield>
    <subfield code="b">MCS</subfield>
    <subfield code="c">GEN</subfield>
    <subfield code="d">2016-12-12</subfield>
    <subfield code="o">942.9,TRE</subfield>
    <subfield code="p">MCS29412</subfield>
    <subfield code="r">2016-12-08</subfield>
    <subfield code="w">2016-12-12</subfield>
    <subfield code="y">BK</subfield>
    <subfield code="z">Almirah No.60, Shelf No.5</subfield>
  </datafield>
</record>
